000 00551nam a22002057a 4500
005 20210419071420.0
008 210223b1975 ||||| |||| 00| 0 eng d
020 _a671789636
040 _ceng
_aDLC
041 _aeng
080 _a821.111
_bL-36
100 _9504
_aLathen.Emma
245 _aSweet and Low
_c/ by: Pocket Books
260 _aNew York
_bPocket Books
_c1975
300 _a189 p.
365 _b1.25 usd
650 0 _9247
_aEnglish literature
653 _aინგლისური ლიტერატურა
942 _2udc
_cBK
999 _c1966
_d1966